000
00308nam a22001337a 4500
008
170908b xxu||||| |||| 00| 0 eng d
020
_a
9780321714480
041
_a
eng
080
_2
5 ED
_a
42
100
_a
42
101
_a
GEO
245
_a
DIVERSITY AMID GLOBALIZATION
_c
ROWNTREE.L
942
_2
udc
_c
BK
999
_c
26869
_d
26869